000 00595nam a2200181Ia 4500
008 090124s9999 xx 000 0 und d
082 _b47152
100 _aसहस्त्रबुद्धे अविनाश
245 _a धर्म आणि धम्म
250 _a1
260 _c2008
300 _a60
600 _aसहस्त्रबुद्धे अविनाश
630 _a धर्म आणि धम्म
700 _aसहस्त्रबुद्धे अविनाश
730 _a धर्म आणि धम्म
942 _cBOOK
999 _c113383
_d113383